00726nam a2200229Ia 4500003000900000008004100009040001300050040001300063041000800076100003200084245007000116250001000186260001300196260000900209300001100218300001000229490004500239490000800284942000700292999001700299952018000316IT-RoPAU120407s9999 xx 000 0 und d aIT-RoPAU cIT-RoPAU aita aSalvatore Alberto Panimolle aProsodia e metrica latina. Storia dei metri e della prosa metrica aRoma  aIouvence c1983 a160 p. c18 cm aGuida allo studio della civiltà romana v0,5 cBK c26536d26536 00102ddc406871_10000000000000071aPAULUSbPAULUSd2012-04-11l0o871.1r2012-04-11 00:00:00w2012-04-11yBKzInserito da: In data: n.d. fondo: Via A.Severo 56 Progr:30093